000 nam a22 7a 4500
999 _c328819
_d328819
003 Nust
005 20170417142139.0
008 170417b xxu||||| |||| 00| 0 eng d
040 _cDLC
082 _a297.64 NAD
100 _aندوی،علامہ سیدسلیمان
245 _aسیرت حضرت عائشہ
260 _aLAhore :
_bSeventh star publication,
300 _a329p. :
942 _2ddc
_cBK